Nomi italiani di città straniere - Europa centrale - Statistics

Statistiche generali
  • Questo quiz è stato fatto 105 volte
  • Il punteggio medio è 7 su 10
Statistiche sulle risposte
Nome locale Nome italiano % Corretto
Praha (Cechia) Praga
99%
Warszawa (Polonia) Varsavia
99%
Krakow (Polonia) Cracovia
97%
Constanta (Romania) Costanza
82%
Lublin (Polonia) Lublino
82%
Gdansk (Polonia) Danzica
63%
Ostrawa (Cechia) Ostrava
58%
Szczecin (Polonia) Stettino
41%
Wroclaw (Polonia) Breslavia
35%
Szeged (Ungheria) Seghedino
28%
Nessun quiz corrispondente trovato
Distribuzione punteggi
Percentuale di utenti per punteggio
Percentile per numero di risposta
I tuoi punteggi nel tempo
Non hai fatto questo quiz